[Event "Madrid-chT 2122"]
[Site "Madrid"]
[Date "2022.01.09"]
[Round "4.2"]
[White "De la Puerta Cresis, Javier"]
[Black "Quevedo Marin, Manuel"]
[Result "1/2-1/2"]
[WhiteElo "2139"]
[BlackElo "2198"]
[PlyCount "65"]
[EventDate "2021.11.27"]
[EventType "team-tourn"]
[EventRounds "14"]
[EventCountry "ESP"]
[SourceTitle "Ajedrez en Madrid"]
[Source "lmi"]
[SourceDate "2021.11.28"]
[SourceVersion "1"]
[SourceVersionDate "2022.03.28"]
[SourceQuality "1"]
[WhiteTeam "La Didactica"]
[BlackTeam "San Sebastian de los Reyes"]
[WhiteTeamCountry "ESP"]
[BlackTeamCountry "ESP"]

1. d4 d5 2. c4 e6 3. Nc3 Nf6 4. cxd5 exd5 5. Bg5 Be7 6. e3 h6 7. Bh4 c6 8. Qc2
O-O 9. Bd3 Nbd7 10. Nge2 Ne8 11. Bg3 Nd6 12. O-O Nf6 13. f3 Be6 14. Rae1 Nh5
15. Be5 Nc4 16. Bxc4 dxc4 17. e4 f6 18. Bg3 Nxg3 19. hxg3 f5 20. Nf4 Qxd4+ 21.
Kh2 Qf6 22. Nxe6 Qxe6 23. exf5 Qf7 24. g4 Bd6+ 25. g3 Rae8 26. Ne4 Bb4 27. Rd1
Rd8 28. Qc1 Be7 29. Kg2 Rd3 30. Nf2 Rdd8 31. Ne4 Rd3 32. Nf2 Rdd8 33. Ne4
1/2-1/2

[Event "Madrid-chT 2122"]
[Site "Madrid"]
[Date "2022.01.09"]
[Round "4.3"]
[White "Alfaya Marcelo, Roberto"]
[Black "Perez Ordoñez, Jose Ramon"]
[Result "1-0"]
[WhiteElo "2207"]
[BlackElo "2164"]
[PlyCount "79"]
[EventDate "2021.11.27"]
[EventType "team-tourn"]
[EventRounds "14"]
[EventCountry "ESP"]
[SourceTitle "Ajedrez en Madrid"]
[Source "lmi"]
[SourceDate "2021.11.28"]
[SourceVersion "1"]
[SourceVersionDate "2022.03.28"]
[SourceQuality "1"]
[WhiteTeam "San Sebastian de los Reyes"]
[BlackTeam "La Didactica"]
[WhiteTeamCountry "ESP"]
[BlackTeamCountry "ESP"]

1. c4 e6 2. Nc3 d5 3. d4 Be7 4. Nf3 Nf6 5. Bg5 h6 6. Bh4 O-O 7. e3 b6 8. cxd5
exd5 9. Bd3 Bb7 10. O-O Ne4 11. Bxe7 Qxe7 12. Qb3 Nxc3 13. Qxc3 c5 14. Rac1 c4
15. Bb1 b5 16. Ne5 Nd7 17. Qc2 g6 18. f4 Nf6 19. Qe2 Kg7 20. h4 Bc8 21. f5 g5
22. Qf3 gxh4 23. b3 a5 24. bxc4 bxc4 25. Qf2 Ra6 26. Qxh4 Ng8 27. Qe1 Re8 28.
Rf3 Kh8 29. Qf2 Rb6 30. Rf1 Qf6 31. Qc2 Ne7 32. Ng4 Qg5 33. f6 Ng6 34. Ne5 Rxe5
35. dxe5 Be6 36. Qc3 Nxe5 37. R3f2 Rb4 38. Bc2 Nd3 39. Bxd3 Qxe3 40. Re1 1-0

[Event "Madrid-chT 2122"]
[Site "Madrid"]
[Date "2022.01.09"]
[Round "4.4"]
[White "Rodriguez Lapetra, Pablo"]
[Black "Martinez Fernandez, Raul"]
[Result "0-1"]
[WhiteElo "2155"]
[BlackElo "2220"]
[PlyCount "122"]
[EventDate "2021.11.27"]
[EventType "team-tourn"]
[EventRounds "14"]
[EventCountry "ESP"]
[SourceTitle "Ajedrez en Madrid"]
[Source "lmi"]
[SourceDate "2021.11.28"]
[SourceVersion "1"]
[SourceVersionDate "2022.03.28"]
[SourceQuality "1"]
[WhiteTeam "La Didactica"]
[BlackTeam "San Sebastian de los Reyes"]
[WhiteTeamCountry "ESP"]
[BlackTeamCountry "ESP"]

1. e4 e5 2. Nf3 Nc6 3. Bc4 Nf6 4. d3 Be7 5. O-O O-O 6. Re1 d6 7. c3 Na5 8. Bb5
a6 9. Ba4 b5 10. Bc2 c5 11. Nbd2 Ne8 12. d4 Bf6 13. h3 exd4 14. cxd4 cxd4 15.
Nb3 Nxb3 16. Bxb3 Qb6 17. Qd3 Nc7 18. Rd1 Ne6 19. Bxe6 Bxe6 20. Nxd4 Bc4 21.
Qd2 Rfe8 22. b3 Rxe4 23. Bb2 Bd5 24. Nf5 Be6 25. Nh6+ Kf8 26. Bxf6 gxf6 27.
Qxd6+ Qxd6 28. Rxd6 f5 29. g4 fxg4 30. Nxg4 Bxg4 31. hxg4 Rxg4+ 32. Kf1 Rg6 33.
Rd5 Rc8 34. a4 bxa4 35. bxa4 Rc4 36. Ra2 Kg7 37. a5 h6 38. Ke2 Rg5 39. Rd6 Re4+
40. Kd3 Re6 41. Rb6 Rxa5 42. Rxa5 Rxb6 43. Ke4 Kg6 44. Kf4 Kf6 45. Kg4 Ke7 46.
f4 Kd7 47. Rf5 Ke7 48. Re5+ Kd8 49. Rf5 Rb7 50. Rf6 Ra7 51. Rxh6 a5 52. Rh1 a4
53. Kf5 Ke7 54. Re1+ Kf8 55. Ra1 a3 56. Ra2 Ra6 57. Kg5 Kg7 58. Kf5 Ra5+ 59.
Kg4 Kf6 60. Kf3 Kf5 61. Rh2 Ra4 0-1

[Event "Madrid-chT 2122"]
[Site "Madrid"]
[Date "2022.01.09"]
[Round "4.5"]
[White "Hernandez Ramos, David"]
[Black "Rodriguez Polo, Mateo"]
[Result "0-1"]
[WhiteElo "2121"]
[BlackElo "2136"]
[PlyCount "82"]
[EventDate "2021.11.27"]
[EventType "team-tourn"]
[EventRounds "14"]
[EventCountry "ESP"]
[SourceTitle "Ajedrez en Madrid"]
[Source "lmi"]
[SourceDate "2021.11.28"]
[SourceVersion "1"]
[SourceVersionDate "2022.03.28"]
[SourceQuality "1"]
[WhiteTeam "San Sebastian de los Reyes"]
[BlackTeam "La Didactica"]
[WhiteTeamCountry "ESP"]
[BlackTeamCountry "ESP"]

1. d4 Nf6 2. c4 e6 3. Nc3 Bb4 4. e3 O-O 5. Nge2 Re8 6. a3 Bf8 7. g3 d5 8. b3
Nbd7 9. cxd5 exd5 10. Bg2 Nb6 11. O-O Bf5 12. Bb2 c6 13. Nf4 Bd6 14. Nd3 Qe7
15. Re1 Ne4 16. Nxe4 dxe4 17. Nc1 Nd5 18. Ne2 h5 19. Nc3 h4 20. Qh5 Qf6 21.
Qxh4 g5 22. Qh5 Kg7 23. h4 gxh4 24. gxh4 Qe6 25. Qg5+ Kf8 26. h5 f6 27. Qh4 Kf7
28. Kf1 Nxc3 29. Bxc3 Rg8 30. d5 cxd5 31. Red1 Rg4 32. Qh1 Rag8 33. h6 Rxg2 34.
h7 Rg1+ 35. Ke2 Rxh1 36. hxg8=Q+ Kxg8 37. Rxh1 Be5 38. Rag1+ Kf7 39. Bb4 Qa6+
40. Ke1 Qd3 41. Rh8 Qb1+ 0-1

[Event "Madrid-chT 2122"]
[Site "Madrid"]
[Date "2022.01.09"]
[Round "4.6"]
[White "Barraza Caracuel, Ignacio"]
[Black "Hernandez Ramos, Alberto"]
[Result "1-0"]
[WhiteElo "2111"]
[BlackElo "2102"]
[PlyCount "89"]
[EventDate "2021.11.27"]
[EventType "team-tourn"]
[EventRounds "14"]
[EventCountry "ESP"]
[SourceTitle "Ajedrez en Madrid"]
[Source "lmi"]
[SourceDate "2021.11.28"]
[SourceVersion "1"]
[SourceVersionDate "2022.03.28"]
[SourceQuality "1"]
[WhiteTeam "La Didactica"]
[BlackTeam "San Sebastian de los Reyes"]
[WhiteTeamCountry "ESP"]
[BlackTeamCountry "ESP"]

1. e4 e5 2. Nf3 Nc6 3. Bb5 a6 4. Ba4 Nf6 5. d3 b5 6. Bb3 Be7 7. Bg5 d6 8. c3
O-O 9. Nbd2 Na5 10. Bc2 c5 11. Nf1 Nc6 12. Ne3 Ng4 13. Bxe7 Nxe7 14. O-O Nxe3
15. fxe3 h6 16. Qd2 Be6 17. a4 Qb6 18. axb5 axb5 19. Rxa8 Rxa8 20. Nh4 Ra2 21.
Bb1 Ra1 22. Qf2 Qa7 23. Nf5 Nxf5 24. exf5 Bd5 25. f6 g6 26. h4 Ra4 27. e4 Be6
28. Qe3 Kh7 29. Kh2 b4 30. h5 g5 31. Kg3 Ra1 32. Rd1 Qa4 33. Bc2 b3 34. Bb1 Bc8
35. d4 Qd7 36. Qf3 cxd4 37. cxd4 exd4 38. e5+ Kh8 39. Bf5 Qb5 40. Rxa1 Qxe5+
41. Kf2 Bxf5 42. Rb1 Qc5 43. Qa8+ Kh7 44. Qf8 d3+ 45. Kf1 1-0

[Event "Madrid-chT 2122"]
[Site "Madrid"]
[Date "2022.01.15"]
[Round "5.2"]
[White "Alfaya Marcelo, Roberto"]
[Black "Khamrakulov, Ibragim S"]
[Result "1/2-1/2"]
[WhiteElo "2207"]
[BlackElo "2416"]
[PlyCount "174"]
[EventDate "2021.11.27"]
[EventType "team-tourn"]
[EventRounds "14"]
[EventCountry "ESP"]
[SourceTitle "Ajedrez en Madrid"]
[Source "lmi"]
[SourceDate "2021.11.28"]
[SourceVersion "1"]
[SourceVersionDate "2022.03.28"]
[SourceQuality "1"]
[WhiteTeam "San Sebastian de los Reyes"]
[BlackTeam "Villalba 64"]
[WhiteTeamCountry "ESP"]
[BlackTeamCountry "ESP"]

1. c4 c5 2. Nc3 Nc6 3. g3 g6 4. Bg2 Bg7 5. d3 b6 6. h4 h6 7. h5 g5 8. f4 e6 9.
Nf3 g4 10. Ne5 Nge7 11. Nxg4 Nf5 12. e4 Nxg3 13. Rh3 Rg8 14. Qf3 f5 15. Rxg3
Qh4 16. e5 Bb7 17. Kf2 O-O-O 18. Be3 fxg4 19. Qxg4 Bf6 20. Qh3 Rxg3 21. Qxg3
Rg8 22. Qxh4 Bxh4+ 23. Kf1 Nb4 24. Bxb7+ Kxb7 25. Ke2 Rg2+ 26. Kf3 Rg3+ 27. Ke4
Nc2 28. Bf2 Rh3 29. Rc1 Bxf2 30. Nd1 Nd4 31. Nxf2 Rg3 32. Re1 Rg2 33. Rf1 Kc6
34. b4 Nf5 35. b5+ Kc7 36. Kf3 Rg3+ 37. Ke2 Nd4+ 38. Kd2 Rf3 39. Ke1 Re3+ 40.
Kd1 Re2 41. Ng4 Rxa2 42. Rf2 Ra1+ 43. Kd2 Nf5 44. Kc3 a5 45. bxa6 Rxa6 46. Rb2
Kc6 47. Nf6 Ra3+ 48. Rb3 Rxb3+ 49. Kxb3 Nd4+ 50. Ka4 Ne2 51. Ng4 Nxf4 52. Nxh6
Nxh5 53. Ng4 Nf4 54. Nf2 Ne2 55. Kb3 b5 56. cxb5+ Kxb5 57. Ng4 Nf4 58. Kc3 Nd5+
59. Kb3 Kc6 60. Nf6 Nf4 61. Kc4 Nd5 62. d4 d6 63. dxc5 dxc5 64. Kd3 Nf4+ 65.
Kc4 Ng6 66. Ng4 Kb6 67. Kc3 Kb5 68. Kb3 c4+ 69. Kc3 Kc5 70. Nf6 Nxe5 71. Ne4+
Kd5 72. Nd2 Kc5 73. Ne4+ Kc6 74. Kd4 Nf7 75. Kxc4 Nd6+ 76. Nxd6 Kxd6 77. Kd4
e5+ 78. Ke4 Ke6 79. Ke3 Kd5 80. Kd3 e4+ 81. Ke3 Ke5 82. Ke2 Kf4 83. Kf2 e3+ 84.
Ke2 Ke4 85. Ke1 Kd3 86. Kd1 e2+ 87. Ke1 Ke3 1/2-1/2

[Event "Madrid-chT 2122"]
[Site "Madrid"]
[Date "2022.01.15"]
[Round "5.3"]
[White "Montoliu Cervero, Francisco"]
[Black "Hernandez Ramos, David"]
[Result "1-0"]
[WhiteElo "2412"]
[BlackElo "2121"]
[PlyCount "97"]
[EventDate "2021.11.27"]
[EventType "team-tourn"]
[EventRounds "14"]
[EventCountry "ESP"]
[SourceTitle "Ajedrez en Madrid"]
[Source "lmi"]
[SourceDate "2021.11.28"]
[SourceVersion "1"]
[SourceVersionDate "2022.03.28"]
[SourceQuality "1"]
[WhiteTeam "Villalba 64"]
[BlackTeam "San Sebastian de los Reyes"]
[WhiteTeamCountry "ESP"]
[BlackTeamCountry "ESP"]

1. e4 e6 2. d4 d5 3. e5 c5 4. c3 Nc6 5. Nf3 Qb6 6. a3 f6 7. b4 c4 8. Bf4 fxe5
9. Nxe5 Nf6 10. Be2 Be7 11. Nd2 O-O 12. Bg3 Bd7 13. Nxd7 Nxd7 14. Bg4 Nd8 15.
Qe2 a5 16. O-O Re8 17. Kh1 Bd6 18. f4 Nf6 19. Bh3 Qc7 20. Qf3 Qf7 21. Bh4 Kh8
22. g4 Nc6 23. b5 Ne7 24. a4 Ng6 25. Bg3 Nf8 26. Rae1 Re7 27. Re3 Rae8 28. Qe2
Bb8 29. Bg2 N8d7 30. Bf3 Nb6 31. Qd1 Bd6 32. Kg2 Nbd7 33. h4 Nb6 34. h5 Nfd7
35. Be2 Rg8 36. Nf3 Qe8 37. Ng5 Nf6 38. Qc2 Nbd7 39. Bd1 Nf8 40. Bh4 Qb8 41.
Qf2 h6 42. Nh3 Rf7 43. Qe1 Ne4 44. Bc2 Nf6 45. Qe2 N6d7 46. g5 hxg5 47. Nxg5
Rxf4 48. Rxf4 Bxf4 49. Nf7# 1-0

[Event "Madrid-chT 2122"]
[Site "Madrid"]
[Date "2022.01.15"]
[Round "5.4"]
[White "Pulido Gomez, Pablo"]
[Black "Soham, Das1"]
[Result "0-1"]
[WhiteElo "1635"]
[BlackElo "2378"]
[PlyCount "68"]
[EventDate "2021.11.27"]
[EventType "team-tourn"]
[EventRounds "14"]
[EventCountry "ESP"]
[SourceTitle "Ajedrez en Madrid"]
[Source "lmi"]
[SourceDate "2021.11.28"]
[SourceVersion "1"]
[SourceVersionDate "2022.03.28"]
[SourceQuality "1"]
[WhiteTeam "San Sebastian de los Reyes"]
[BlackTeam "Villalba 64"]
[WhiteTeamCountry "ESP"]
[BlackTeamCountry "ESP"]

1. e4 c6 2. d4 d5 3. e5 c5 4. c3 Nc6 5. Nf3 Bg4 6. Be2 e6 7. Be3 cxd4 8. cxd4
Qb6 9. Qd2 Nge7 10. O-O Nf5 11. Rd1 Be7 12. Nc3 O-O 13. h3 Bxf3 14. Bxf3 f6 15.
exf6 Bxf6 16. Ne2 Rae8 17. Rab1 g6 18. b4 Kh8 19. Kh1 Bg7 20. Qd3 Qd8 21. a4
Qh4 22. Qd2 Nxe3 23. Qxe3 Bh6 24. Qc3 Qxf2 25. Rf1 Qh4 26. b5 Ne7 27. Bg4 Nf5
28. Bxf5 exf5 29. Ng1 Rc8 30. Qd3 Rfe8 31. Rf3 Qe4 32. Qxe4 dxe4 33. Rff1 Rc2
34. Rfe1 Rd8 0-1

[Event "Madrid-chT 2122"]
[Site "Madrid"]
[Date "2022.01.15"]
[Round "5.5"]
[White "Lopez del Alamo, Antonio"]
[Black "Sanchez Gimeno, Miguel"]
[Result "1-0"]
[WhiteElo "2265"]
[BlackElo "1850"]
[PlyCount "55"]
[EventDate "2021.11.27"]
[EventType "team-tourn"]
[EventRounds "14"]
[EventCountry "ESP"]
[SourceTitle "Ajedrez en Madrid"]
[Source "lmi"]
[SourceDate "2021.11.28"]
[SourceVersion "1"]
[SourceVersionDate "2022.03.28"]
[SourceQuality "1"]
[WhiteTeam "Villalba 64"]
[BlackTeam "San Sebastian de los Reyes"]
[WhiteTeamCountry "ESP"]
[BlackTeamCountry "ESP"]

1. e4 e6 2. d3 d5 3. Qe2 Nf6 4. Nf3 Be7 5. g3 O-O 6. Bg2 Nc6 7. e5 Nd7 8. O-O
b6 9. h4 Bb7 10. Re1 Rc8 11. Nbd2 Nb4 12. Nf1 c5 13. c3 Nc6 14. N1h2 b5 15. Bf4
c4 16. d4 b4 17. Bh3 Re8 18. Ng5 Nf8 19. Qh5 Bxg5 20. hxg5 Qc7 21. Ng4 Re7 22.
Nf6+ Kh8 23. Kg2 h6 24. Rh1 bxc3 25. bxc3 Qa5 26. Qf3 Rb8 27. Bf5 exf5 28.
Rxh6+ 1-0

[Event "Madrid-chT 2122"]
[Site "Madrid"]
[Date "2022.01.15"]
[Round "5.6"]
[White "Del Castillo Izquierdo, Jose"]
[Black "Perdomo Araujo, Angel Eduardo"]
[Result "0-1"]
[WhiteElo "1719"]
[BlackElo "2080"]
[PlyCount "94"]
[EventDate "2021.11.27"]
[EventType "team-tourn"]
[EventRounds "14"]
[EventCountry "ESP"]
[SourceTitle "Ajedrez en Madrid"]
[Source "lmi"]
[SourceDate "2021.11.28"]
[SourceVersion "1"]
[SourceVersionDate "2022.03.28"]
[SourceQuality "1"]
[WhiteTeam "San Sebastian de los Reyes"]
[BlackTeam "Villalba 64"]
[WhiteTeamCountry "ESP"]
[BlackTeamCountry "ESP"]

1. d4 Nf6 2. Nf3 g6 3. c4 Bg7 4. Nc3 d5 5. cxd5 Nxd5 6. e4 Nxc3 7. bxc3 O-O 8.
Be3 c5 9. Rc1 Qc7 10. Be2 b6 11. O-O Bb7 12. d5 Rd8 13. Qb3 Nd7 14. Bc4 Ne5 15.
Nxe5 Qxe5 16. f3 Kh8 17. Qc2 f5 18. Qd2 fxe4 19. Bf4 Qf5 20. g4 Qd7 21. fxe4
Qxg4+ 22. Qg2 Qxg2+ 23. Kxg2 Rf8 24. Bg5 Bf6 25. Bh6 Bg7 26. Bxg7+ Kxg7 27. Bb5
a6 28. Bd7 b5 29. Kg3 Rad8 30. Be6 Bc8 31. Bxc8 Rxc8 32. h4 h6 33. Kg4 a5 34.
h5 Rxf1 35. Rxf1 b4 36. hxg6 Kxg6 37. c4 a4 38. Rf2 b3 39. a3 Rb8 40. Rb2 Rf8
41. Rg2 Rf1 42. Rd2 h5+ 43. Kg3 Kf6 44. d6 exd6 45. Rxd6+ Ke5 46. Rd5+ Kxe4 47.
Rxc5 b2 0-1

[Event "Madrid-chT 2122"]
[Site "Madrid"]
[Date "2022.01.15"]
[Round "5.1"]
[White "Rubio Mejia, Luis Ignacio"]
[Black "Martin Duque, Jesus"]
[Result "1/2-1/2"]
[WhiteElo "2408"]
[BlackElo "2406"]
[PlyCount "50"]
[EventDate "2021.11.27"]
[EventType "team-tourn"]
[EventRounds "14"]
[EventCountry "ESP"]
[SourceTitle "Ajedrez en Madrid"]
[Source "lmi"]
[SourceDate "2021.11.28"]
[SourceVersion "1"]
[SourceVersionDate "2022.03.28"]
[SourceQuality "1"]
[WhiteTeam "Virgen de Atocha"]
[BlackTeam "Collado Villalba"]
[WhiteTeamCountry "ESP"]
[BlackTeamCountry "ESP"]

1. c4 e5 2. Nc3 Nf6 3. Nf3 Nc6 4. a3 d5 5. cxd5 Nxd5 6. Qc2 Nxc3 7. dxc3 Qf6 8.
b4 Bd6 9. e4 Bg4 10. Be2 h6 11. Be3 Ne7 12. O-O Ng6 13. Rfe1 O-O 14. Nd2 Be6
15. Bc4 Bd7 16. Bf1 a5 17. Nc4 axb4 18. Nxd6 cxd6 19. axb4 Nf4 20. Qd2 g5 21.
Red1 Rxa1 22. Rxa1 Rc8 23. Ra7 Bc6 24. f3 Qe7 25. Qa2 Qd7 1/2-1/2

[Event "Madrid-chT 2122"]
[Site "Madrid"]
[Date "2022.01.15"]
[Round "5.3"]
[White "Vallejo Diaz, Jesus"]
[Black "Quispe Arteaga, Gabriel"]
[Result "1-0"]
[WhiteElo "2211"]
[BlackElo "2390"]
[PlyCount "101"]
[EventDate "2021.11.27"]
[EventType "team-tourn"]
[EventRounds "14"]
[EventCountry "ESP"]
[SourceTitle "Ajedrez en Madrid"]
[Source "lmi"]
[SourceDate "2021.11.28"]
[SourceVersion "1"]
[SourceVersionDate "2022.03.28"]
[SourceQuality "1"]
[WhiteTeam "Virgen de Atocha"]
[BlackTeam "Collado Villalba"]
[WhiteTeamCountry "ESP"]
[BlackTeamCountry "ESP"]

1. e4 c5 2. Nf3 d6 3. c3 Nf6 4. h3 g6 5. Bd3 Bg7 6. O-O O-O 7. Bc2 Nc6 8. Re1
e5 9. d4 Qb6 10. dxc5 dxc5 11. Nbd2 Qc7 12. a4 Nh5 13. Nc4 Rd8 14. Qe2 h6 15.
Ne3 Nf4 16. Qf1 Be6 17. b3 b6 18. Bb2 Qe7 19. Rad1 Qf6 20. Nh2 h5 21. Rxd8+
Rxd8 22. Rd1 Rxd1 23. Qxd1 Bxh3 24. gxh3 Nxh3+ 25. Kg2 Qxf2+ 26. Kxh3 Qxe3+ 27.
Kg2 Qg5+ 28. Kh1 Qh4 29. Bc1 Nd8 30. Bd3 Ne6 31. Qg1 Kh7 32. Qe3 Bf6 33. Bd2
Bg5 34. Qe1 Qh3 35. Qf1 Qxf1+ 36. Nxf1 Kh6 37. Bc4 Bxd2 38. Bxe6 fxe6 39. Nxd2
Kg5 40. b4 cxb4 41. cxb4 Kf4 42. b5 Ke3 43. Nc4+ Kd4 44. Nxb6 g5 45. Nc8 g4 46.
Nxa7 Ke3 47. Kg2 h4 48. b6 h3+ 49. Kg3 h2 50. Kxh2 Kf2 51. b7 1-0

[Event "Madrid-chT 2122"]
[Site "Madrid"]
[Date "2022.01.15"]
[Round "5.4"]
[White "Alonso Garcia, Aaron"]
[Black "Rabadan Velasco, Raul"]
[Result "1-0"]
[WhiteElo "2345"]
[BlackElo "2175"]
[PlyCount "99"]
[EventDate "2021.11.27"]
[EventType "team-tourn"]
[EventRounds "14"]
[EventCountry "ESP"]
[SourceTitle "Ajedrez en Madrid"]
[Source "lmi"]
[SourceDate "2021.11.28"]
[SourceVersion "1"]
[SourceVersionDate "2022.03.28"]
[SourceQuality "1"]
[WhiteTeam "Collado Villalba"]
[BlackTeam "Virgen de Atocha"]
[WhiteTeamCountry "ESP"]
[BlackTeamCountry "ESP"]

1. e4 c5 2. Nf3 e6 3. d4 cxd4 4. Nxd4 a6 5. Bd3 Bc5 6. Nb3 Ba7 7. Qg4 Nf6 8.
Qg3 d6 9. Nc3 Nc6 10. Bd2 O-O 11. O-O-O b5 12. Bg5 b4 13. f4 Qb6 14. e5 Qe3+
15. Kb1 Qxg3 16. hxg3 dxe5 17. Bxf6 gxf6 18. Bxh7+ Kg7 19. Be4 bxc3 20. Rh7+
Kg8 21. Rdh1 f5 22. Bxc6 Rb8 23. R7h5 Kg7 24. fxe5 Be3 25. Rh7+ Kg6 26. Rh8
Rxh8 27. Rxh8 Ba7 28. bxc3 a5 29. a4 Ba6 30. Rxb8 Bxb8 31. Nxa5 Bxe5 32. Bb5
Bxc3 33. Nc6 Bb7 34. Ka2 Kf6 35. Kb3 Be1 36. Kc4 Bxc6 37. Bxc6 Ke7 38. Kb5 Kd6
39. c4 Bxg3 40. c5+ Kc7 41. a5 Kb8 42. Be8 e5 43. Bxf7 e4 44. Bg6 e3 45. Bh5
Bc7 46. Be2 Be5 47. a6 Kc8 48. Kc6 Bb8 49. g4 f4 50. g5 1-0

[Event "Madrid-chT 2122"]
[Site "Madrid"]
[Date "2022.01.15"]
[Round "5.5"]
[White "Gil Quilez, David"]
[Black "Suarez Uriel, Adrian"]
[Result "1-0"]
[WhiteElo "2142"]
[BlackElo "2352"]
[PlyCount "99"]
[EventDate "2021.11.27"]
[EventType "team-tourn"]
[EventRounds "14"]
[EventCountry "ESP"]
[SourceTitle "Ajedrez en Madrid"]
[Source "lmi"]
[SourceDate "2021.11.28"]
[SourceVersion "1"]
[SourceVersionDate "2022.03.28"]
[SourceQuality "1"]
[WhiteTeam "Virgen de Atocha"]
[BlackTeam "Collado Villalba"]
[WhiteTeamCountry "ESP"]
[BlackTeamCountry "ESP"]

1. e4 c5 2. Nf3 Nc6 3. d4 cxd4 4. Nxd4 Nf6 5. Nc3 d6 6. Be2 e5 7. Nb3 Be6 8.
O-O h6 9. Be3 Be7 10. f4 exf4 11. Rxf4 O-O 12. Nd4 Nxd4 13. Qxd4 Nd7 14. Rff1
Ne5 15. Nd5 Bxd5 16. Qxd5 Bg5 17. Bd4 Qc7 18. Bc3 Rac8 19. Rad1 Qb6+ 20. Kh1
Qe3 21. Bh5 Rxc3 22. bxc3 g6 23. Bf3 Qxc3 24. Qxb7 Qxc2 25. Qxa7 Rc8 26. Qf2
Kg7 27. Rxd6 Qxf2 28. Rxf2 Be3 29. Rf1 Nxf3 30. gxf3 Rc2 31. f4 Rxa2 32. Rd3
Ba7 33. h4 Re2 34. e5 Bc5 35. Rg3 h5 36. Rg2 Re4 37. Kh2 Be7 38. Kh3 Kf8 39.
Rg3 Ke8 40. Rd3 Bd8 41. Rfd1 Bb6 42. Kg3 Re2 43. Rb1 Bc5 44. Rb8+ Ke7 45. Rb7+
Ke6 46. Rc3 Be3 47. Rd3 Bc5 48. Rc7 Bf2+ 49. Kf3 Ra2 50. Rd6+ 1-0

[Event "Madrid-chT 2122"]
[Site "Madrid"]
[Date "2022.01.15"]
[Round "5.6"]
[White "Garcia Dorado, Alberto"]
[Black "Rey Martinez, Jaime"]
[Result "1-0"]
[WhiteElo "2241"]
[BlackElo "2039"]
[PlyCount "69"]
[EventDate "2021.11.27"]
[EventType "team-tourn"]
[EventRounds "14"]
[EventCountry "ESP"]
[SourceTitle "Ajedrez en Madrid"]
[Source "lmi"]
[SourceDate "2021.11.28"]
[SourceVersion "1"]
[SourceVersionDate "2022.03.28"]
[SourceQuality "1"]
[WhiteTeam "Collado Villalba"]
[BlackTeam "Virgen de Atocha"]
[WhiteTeamCountry "ESP"]
[BlackTeamCountry "ESP"]

1. Nf3 Nf6 2. c4 c5 3. Nc3 Nc6 4. e3 e6 5. d4 cxd4 6. exd4 d5 7. a3 Be7 8. Bd3
O-O 9. O-O dxc4 10. Bxc4 Nd5 11. Qd3 a6 12. Bb3 b5 13. Bd2 Bb7 14. Nxd5 exd5
15. Bc2 g6 16. Rfe1 Bf6 17. Bh6 Bg7 18. Bxg7 Kxg7 19. Ne5 Rc8 20. Nxc6 Rxc6 21.
Bb3 Rd6 22. Re5 Qb6 23. Rae1 Rc8 24. h4 a5 25. h5 b4 26. Qe3 gxh5 27. Rxh5 a4
28. Qe5+ Kg8 29. Bxa4 bxa3 30. bxa3 Rg6 31. Bd7 Ra8 32. Bf5 f6 33. Qh2 Rg7 34.
Rxh7 Rxa3 35. Rh8+ 1-0

[Event "Madrid-chT 2122"]
[Site "Madrid"]
[Date "2022.01.15"]
[Round "5.1"]
[White "Martinez Reyes, Pedro Ramon"]
[Black "Ingunza Curro, Andres"]
[Result "1/2-1/2"]
[WhiteElo "2402"]
[BlackElo "2383"]
[PlyCount "60"]
[EventDate "2021.11.27"]
[EventType "team-tourn"]
[EventRounds "14"]
[EventCountry "ESP"]
[SourceTitle "Ajedrez en Madrid"]
[Source "lmi"]
[SourceDate "2021.11.28"]
[SourceVersion "1"]
[SourceVersionDate "2022.03.28"]
[SourceQuality "1"]
[WhiteTeam "Blanco y Negro"]
[BlackTeam "Tajamar"]
[WhiteTeamCountry "ESP"]
[BlackTeamCountry "ESP"]

1. Nf3 Nf6 2. g3 d5 3. Bg2 e6 4. O-O Be7 5. d4 O-O 6. c4 dxc4 7. Qa4 a6 8. Qxc4
b5 9. Qc2 Bb7 10. Bg5 Nbd7 11. Nbd2 Rc8 12. Bxf6 Nxf6 13. Nb3 Be4 14. Qc3 Nd5
15. Qd2 Bb4 16. Qd1 c5 17. a3 c4 18. axb4 cxb3 19. Qxb3 Rc4 20. Rxa6 Rxb4 21.
Qa3 Qc8 22. Ra1 g6 23. e3 Kg7 24. Ne1 Bxg2 25. Kxg2 Qc4 26. Kg1 Rb3 27. Qd6
Rxb2 28. Qe5+ Kh6 29. g4 Qe2 30. Qg3 Kg7 1/2-1/2

[Event "Madrid-chT 2122"]
[Site "Madrid"]
[Date "2022.01.15"]
[Round "5.2"]
[White "Elissalt Cardenas, Hector"]
[Black "Taboas Rodriguez, Daniel"]
[Result "0-1"]
[WhiteElo "2287"]
[BlackElo "2370"]
[PlyCount "34"]
[EventDate "2021.11.27"]
[EventType "team-tourn"]
[EventRounds "14"]
[EventCountry "ESP"]
[SourceTitle "Ajedrez en Madrid"]
[Source "lmi"]
[SourceDate "2021.11.28"]
[SourceVersion "1"]
[SourceVersionDate "2022.03.28"]
[SourceQuality "1"]
[WhiteTeam "Tajamar"]
[BlackTeam "Blanco y Negro"]
[WhiteTeamCountry "ESP"]
[BlackTeamCountry "ESP"]

1. c4 Nf6 2. Nc3 g6 3. d4 Bg7 4. e4 d6 5. Be2 O-O 6. Be3 Nc6 7. d5 Ne5 8. h3 e6
9. f4 Ned7 10. dxe6 fxe6 11. g4 b6 12. g5 Ne8 13. Bg4 Nc5 14. Nge2 Bb7 15. Qc2
e5 16. fxe5 dxe5 17. b4 Nd3+ 0-1

[Event "Madrid-chT 2122"]
[Site "Madrid"]
[Date "2022.01.15"]
[Round "5.3"]
[White "Alarcia Astiz, Carlos"]
[Black "Mkrtchyan, Levon"]
[Result "1/2-1/2"]
[WhiteElo "2315"]
[BlackElo "2284"]
[PlyCount "64"]
[EventDate "2021.11.27"]
[EventType "team-tourn"]
[EventRounds "14"]
[EventCountry "ESP"]
[SourceTitle "Ajedrez en Madrid"]
[Source "lmi"]
[SourceDate "2021.11.28"]
[SourceVersion "1"]
[SourceVersionDate "2022.03.28"]
[SourceQuality "1"]
[WhiteTeam "Blanco y Negro"]
[BlackTeam "Tajamar"]
[WhiteTeamCountry "ESP"]
[BlackTeamCountry "ESP"]

1. e4 e6 2. d4 d5 3. Nd2 Be7 4. Ngf3 Nf6 5. Bd3 c5 6. c3 Nc6 7. e5 Nd7 8. O-O
a5 9. a4 cxd4 10. cxd4 Nb4 11. Bb1 b6 12. Re1 Ba6 13. Nf1 Rc8 14. Ng3 Qc7 15.
Ra3 Nc2 16. Rc3 Nxe1 17. Rxc7 Nxf3+ 18. Qxf3 Rxc7 19. Be3 g6 20. h3 O-O 21. Kh2
f5 22. exf6 Nxf6 23. Qf4 Rc6 24. Qh6 Rf7 25. Bf4 Bd6 26. Bxd6 Rxd6 27. f3 Bc4
28. Bc2 Rc6 29. h4 Ba6 30. Bb1 Bc4 31. Bc2 Ba2 32. Bd3 Bc4 1/2-1/2